000
00238nam a2200097Ia 4500
008
240331s9999 xx 000 0 und d
082
_b
VIN
100
_a
De Silva, T. ed
245
0
_a
Vinividha :
_b
sthree sewa niyukthiye haraskada
942
_c
L
999
_c
1977
_d
1977